[Event "EU-chT (Men) 15th"]
[Site "Gothenburg"]
[Date "2005.08.02"]
[Round "4.4"]
[White "Solak, Dragan"]
[Black "Wells, Peter K"]
[Result "1-0"]
[WhiteElo "2557"]
[BlackElo "2529"]
[Annotator "Gofshtein,L"]
[PlyCount "63"]
[EventDate "2005.07.30"]
[EventType "team-swiss"]
[EventRounds "9"]
[EventCountry "SWE"]
[SourceTitle "CBM 109"]
[Source "ChessBase"]
[SourceDate "2005.11.14"]
[SourceVersion "1"]
[SourceVersionDate "2005.11.14"]
[SourceQuality "1"]
[WhiteTeam "Serbia & Montenegro"]
[BlackTeam "England"]
[WhiteTeamCountry "YUG"]
[BlackTeamCountry "ENG"]

1. e4 c5 2. Nf3 Nc6 3. d4 cxd4 4. Nxd4 Nf6 5. Nc3 d6 6. Bg5 e6 7. Qd2 Be7 8.
O-O-O O-O 9. f4 Nxd4 10. Qxd4 Qa5 11. Kb1 {11.Bc4 is the main line move.} h6
12. h4 {only this move gives white chances to gain an advantage.} (12. Bxf6
Bxf6 13. Qd2 Rd8 14. Nd5 Qxd2 15. Nxf6+ gxf6 16. Rxd2 Kf8 $11) (12. Bh4 e5 13.
Qd2 (13. fxe5 dxe5 $11) 13... exf4 14. Nd5 Qd8 $132) 12... Rd8 {it is hard to
evaluate the position after 12..e5 from practice until now.} (12... hxg5 $6 13.
hxg5 Ng4 14. Be2 e5 15. Nd5 $1 Qd8 16. Qg1 $16 {Beljavsky-Tseshkovsky,USSR 1981
} (16. Qg1 exf4 17. Bxg4 $40 {1-0 Beliavsky,A-Tseshkovsky,V/Frunze 1981/URS-ch
(27)})) (12... e5 13. Qd3 (13. Qf2 exf4 14. Nd5 Qd8 $5 (14... Nxd5 15. Rxd5 Qc7
16. Qxf4 Be6 17. Bxe7 Qxe7 18. Rxd6 $14 {1-0 Balogh,C-Zelcic,R/Austria 2003/
CBM 097 ext (53)}) 15. Nxf6+ Bxf6 16. Bxf4 Qa5 17. Bc4 Be6 18. Bb3 Be5 $132 {
1/2-1/2 Nataf,I-Lugovoi,A/Montreal 2003/CBM 097 (21)}) 13... exf4 {: Black 
dont have any choise,whorse of cource 13...hg} (13... hxg5 $2 14. hxg5 Ng4 15.
Qh3 Nh6 16. Qh2 $40) 14. Bxf4 Be6 15. Be2 Rac8 (15... Rfc8 16. Nd5 Bxd5 17.
exd5 Qa4 (17... Rc5 18. Bf3 Rac8 19. Rhe1 Bf8 20. Re2 Rc4 21. Bd2 Qd8 22. Be1
Nd7 23. b3 R4c5 24. Bg4 R8c7 25. Bxd7 Qxd7 26. Bb4 $36 {1-0 Hracek,Z-Gutman,G/
Pardubice 1998/EXT 99 (70)}) 18. Bd2 Rc5 19. Bf3 Nd7 $132 {1/2-1/2 Bruned,
Y-Slaby,J/Salou ESP 2005 (61)}) 16. Nd5 $14 (16. Nd5 {[%csl Rd5,Re7][%cal
Re6d5,Rd5e7,Yd5f6]} Bxd5 (16... Rfe8 17. Rhf1 Bxd5 18. exd5 Qa4 19. Bc1 Nxd5
20. Qf5 Nb4 21. Bc4 $36 {1-0 Krakops,M-Relange,E/Halle 1995/CBM 48 ext (28)}) (
16... Nxd5) 17. exd5 Rc5 (17... Qa4 18. Bd2 Ne4 19. Be1 Bf6 20. g4 Rfe8 21. c4
b5 22. cxb5 Nc5 23. Qc4 Re4 {1/2-1/2 Horvath,A-Balogh,C/Hungary 2003/EXT 2004 
(23)}) 18. Bf3 (18. c4 b5 19. cxb5 Qa4 20. Be3 Rxd5 21. Qc4 Rxd1+ 22. Rxd1 Qa5
23. Qd4 $36 {1-0 Lanka,Z-Feher,G/Passau 1996/EXT 2001 (26)}) 18... Rfc8 19.
Rhe1 Qa4 $146 20. g3 Bf8 21. Re2 b5 22. Be3 {[%csl Re3][%cal Re3c5]} R5c7 23.
Bd4 $16 {[%csl Rf6][%cal Rd4f6,Rd4a7] 1-0 Kaidanov,G-Finegold,B/Salt Lake City
1999/CBM 073/[Gofshtein,L] (32)})) 13. Bd3 {after 13. Be2 and 13.Qd2 black is
OK as the following games demonstrate.} (13. g4 $6 e5 14. Qg1 exf4 15. Bxf6
Bxf6 16. Nd5 Be5 17. g5 h5 18. g6 $13 {Byvsev-Taimanov 1952 USSR} (18. Bc4 {
0-1 Bivshev,V-Taimanov,M/Moscow 1952/URS-ch (44)})) (13. Qd2 {[%mdl 8]} Nxe4 {
13...hg deserved attention with good counterplay} (13... hxg5 $5 14. hxg5 Nxe4
15. Nxe4 Qxd2 16. Nxd2 e5 $132) 14. Nxe4 Qxd2 15. Rxd2 (15. Nxd2 f6) 15... f6
$13 {1-0 Firman,N-Balogh,C/Miskolc 2004/CBM 100/[Gofshtein,L] (30) 15...hg
deserved attention recieving a fine counterplay} (15... hxg5 $5 16. hxg5 d5 17.
Nf2 Bd6 18. Nd3 Bd7 $132)) (13. Be2 Bd7 (13... e5 14. Qe3 (14. Qd3 exf4 15.
Bxf4 Be6 16. Nd5 Nxd5 17. exd5 Bd7 $14 {Rodgers-Pelletier,1996 Biel}) 14...
exf4 15. Bxf4 Be6 16. Bf3 Bf8 17. Qe1 $36 {Bologan -Kotronias,1992 Halkidi}) (
13... a6 $6) 14. Qe3 (14. e5 dxe5 15. fxe5 Bc6 $132) 14... Rac8 (14... Bc6 $5 {
Hrachek-Harlov 1998,New York}) (14... Bc6 15. Qg3 Kf8 16. f5 exf5 17. exf5 hxg5
18. hxg5 Ng8 19. Rh8 Qxf5 20. Bd3 Qxg5 21. Bh7 Ke8 22. Rxg8+ $40 {1/2-1/2
Zelcic,R-Kharlov,A/Warsaw POL 2005 (63)}) 15. Rd3 $5 {1-0 Stripunsky,A-Hracek,
Z/New York 1998/CBM 64/[Gofshtein,L] (47)}) 13... Bd7 {Another move, 13...Kf8
was met in the game givven below and allowed white to create a strong attack. .
} (13... Kf8 14. Qe3 Qb6 15. Qf3 Bd7 16. e5 hxg5 17. hxg5 Ng8 18. Rh8 $40 {
1-0 Smirnov,P-Sherbakov,R/Samara 2000/CBM 78 (23)} (18. Rh8 {Gofshtein,L} dxe5
19. Bh7 Ke8 20. g6 Bf6 21. fxe5 Ke7 22. Ne4 fxg6 23. Bxg8 {1-0 Smirnov,
P-Sherbakov,R/Samara 2000/CBM 78 (23)})) 14. e5 {A tipical breakthrough in
this kind of position. White develops his agressive e-pawn and mounts more
pressure for the king side attack} (14. Qe3 Bc6 $132) 14... dxe5 15. fxe5 Bc6
16. Qf4 $5 {A rare variation.That was played only once in the past by A.Shirov}
(16. Qe3 $5 $146 {[%mdl 8]} Ng4 $1 {The only move. Any other move leads to
serious difficulties} (16... Qc5 17. Qg3 Nd7 18. Bxh6 Qxe5 19. Bf4 $16) (16...
hxg5 17. hxg5 $18) (16... Bc5 17. Qd2 hxg5 18. exf6 $40) 17. Qf4 (17. Qg3 hxg5
18. Qxg4 Qxe5 19. hxg5 Qxg5 20. Bh7+ (20. Qh3) 20... Kf8 21. Be4 Bf6) 17...
hxg5 18. hxg5 Qxe5 19. Bh7+ (19. Qxg4 Qxg5 20. Qh3 Qh6 21. Qg3 Qg5 22. Qh3 Qh6
23. Qg3 Qg5 24. Qh3 {1/2-1/2 Antoniewski,R-Jurka,M/Czechia 1999/EXT 2001 (24)})
19... Kf8 20. Bg6 Rxd1+ 21. Nxd1 Ke8 22. Bxf7+ Kd7 23. Qxg4 Qxg5 {Perhaps 23...
Qe4 is stronger, with equal chances.} (23... Qe4 $5 24. Qxe4 (24. Qh5 Qxg2 $11)
24... Bxe4 25. Bxe6+ Kxe6 26. Re1 Kf5 27. Nf2 Bxc2+ 28. Kxc2 Rc8+ $11) 24.
Qxe6+ Kc7 25. Nc3 Rd8 $132 {1/2-1/2 Nataf,I-Bluvshtein,M/Montreal 2003/CBM 097/
[Gofshtein,L] (42)} (25... Rd8 $44 {1-0 Holzke,F-Joachim,S/Germany})) 16... Nh5
(16... Qb4 {gives white a strong attack after:} 17. exf6 hxg5 18. Qxb4 Bxb4 19.
hxg5 $36) (16... hxg5 17. hxg5 $18) 17. Qg4 Rxd3 {The only move which lets
black stay in the game} (17... hxg5 18. Qxh5 Rxd3 19. hxg5 $1 $18) (17... f5
18. exf6 Bxf6 19. Bd2 $40) 18. cxd3 $5 $146 {[%mdl 8] A strong novelty.18.Rxd3
in Shirov-Anand   left the e-pawn weak giving black good counterplay} (18. Rxd3
hxg5 19. Qxh5 g6 $1 $15 {Topalov,Kramnik} (19... gxh4 20. Rd4 g6 21. Rg4 Qc5 $1
22. Rf1 Bf6 $1 23. Rxg6+ fxg6 24. Qxg6+ $11 {Shirov-Anand Monako 1997}) 20. Qe2
gxh4) 18... hxg5 19. Qxh5 g6 (19... gxh4 20. d4 $16) 20. Qe2 gxh4 21. d4 {
White is ahead in material, his position is stable and he can continue with
the attack} Rd8 22. Rh3 Qb4 23. Qg4 {[%cal Gg4f4] Setting the heavy pieces for
an assualt on the king's castle} Kg7 24. g3 $1 {[%csl Gg4][%cal Yg4f4] Aiming
to open h-file} hxg3 (24... f5 25. exf6+ Bxf6 26. Rxh4 Bxh4 27. gxh4 $40) 25.
Qf4 g5 26. Rxg3 $18 Rh8 27. Rf1 Be8 28. Ne4 Kf8 29. Nxg5 Bxg5 30. Rxg5 Rh3 31.
Rfg1 Rd3 32. Qf6 1-0

[Event "USA-ch Gr-B"]
[Site "Salt Lake City"]
[Date "1999.08.28"]
[Round "5"]
[White "Kaidanov, Gregory S"]
[Black "Finegold, Benjamin"]
[Result "1-0"]
[WhiteElo "2611"]
[BlackElo "2500"]
[Annotator "Gofshtein,L"]
[PlyCount "63"]
[EventDate "1999.08.05"]
[EventType "tourn"]
[EventRounds "7"]
[EventCountry "USA"]
[EventCategory "13"]
[SourceTitle "CBM 073"]
[Source "ChessBase"]
[SourceDate "1999.12.01"]
[SourceVersion "1"]
[SourceVersionDate "1999.12.01"]
[SourceQuality "1"]

1. e4 c5 2. Nf3 Nc6 3. d4 cxd4 4. Nxd4 Nf6 5. Nc3 d6 6. Bg5 e6 7. Qd2 Be7 8.
O-O-O Nxd4 9. Qxd4 O-O 10. f4 Qa5 {Anand: The Classical Rauser, the most solid
of the many subsytems in my opinion.} 11. Kb1 {The main line is 11.Bc4, but
this leads to a rather boring ending} h6 12. h4 {only  this move give for
white chance for adventage} (12. Bxf6 Bxf6 13. Qd2 Rd8 14. Nd5 Qxd2 15. Nxf6+
gxf6 16. Rxd2 Kf8 $11) (12. Bh4 e5 13. Qd2 (13. fxe5 dxe5 $11) 13... exf4 14.
Nd5 Qd8 $132) 12... e5 $6 {for my opinion this dubios move leads to clear
adventage for white ,after12.Rfd8 black has more chances for counterplay} (
12... Rd8 $5 {how show  practice this move leads to complicated position} 13.
g4 (13. Bd3 Bd7 14. e5 dxe5 15. fxe5 Bc6 $132) (13. Be2 e5 (13... a6 $6) 14.
Qe3 (14. Qd3 exf4 15. Bxf4 Be6 16. Nd5 Nxd5 17. exd5 Bd7 $14 {
Rodgers-Pelletier,1996 Biel}) 14... exf4 15. Bxf4 Be6 16. Bf3 Bf8 17. Qe1 $36 {
Bologan -Kotronias,1992 Halkidi}) 13... e5 14. Qg1 exf4 15. Bxf6 Bxf6 16. Nd5
Be5 17. g5 h5 18. Bc4 {0-1 Bivshev,V-Taimanov,M/Moscow 1952/URS-ch (44)} (18.
g6 $13 {Byvsev-Taimanov 1952 USSR})) (12... hxg5 $2 13. hxg5 Ng4 14. Be2 e5 15.
Nd5 Qd8 16. Qg1 exf4 17. Bxg4 $40 {1-0 Beliavsky,A-Tseshkovsky,V/Frunze 1981/
URS-ch (27)}) 13. Qd3 $5 {this move look  more solid  than another
continuations.White has stable and  strong  position} (13. Qg1 exf4 14. Bxf4
Be6 $132 {1-0 Lanka,Z-Peek,M/Cappelle 1994/TD (51)}) (13. Qf2 exf4 14. Nd5 Nxd5
15. Rxd5 $36 {0-1 Bivshev,V-Suetin,A/Moscow 1952/URS-ch (43)}) 13... exf4 {
Black  dont have any choise,whorse of cource 13...hg} (13... hxg5 $2 14. hxg5
Ng4 15. Qh3 Nh6 16. Qh2 $40) 14. Bxf4 Be6 15. Be2 $1 {[%csl Rg4][%cal Re2g4]
white does not hurry, and try impruve their  position before jamping of knight}
(15. Nd5 Nxd5 16. exd5 Bg4 17. Be2 Bxe2 18. Qxe2 $14 {1/2-1/2 Shirov,A-Kamsky,
G/Buenos Aires 1994/CBM 44 (48)}) 15... Rac8 (15... Rfe8 16. Nd5 Bxd5 17. exd5
Nd7 18. Qf5 $40 {1-0 Shchekachev,A-Lepelletier,B/Cannes 1995/EXT 98 (66)}) (
15... Ng4) 16. Nd5 {[%csl Rd5,Re7][%cal Re6d5,Rd5e7,Yd5f6]} Bxd5 (16... Rfe8
17. Rhf1 Bxd5 18. exd5 Qa4 19. Bc1 Nxd5 20. Qf5 Nb4 21. Bc4 Bf6 22. Bb3 Qc6 23.
c3 Na6 24. Bc2 $36 {1-0 Krakops,M-Relange,E/Halle 1995/CBM 48 ext (28)}) (16...
Bd8) (16... Nxd5) 17. exd5 Rc5 18. Bf3 Rfc8 19. Rhe1 Qa4 $146 {black look for
way for any counterplay nevertheless white's position stable and solid} (19...
Bf8 20. Re2 Rc4 21. Bd2 Qd8 22. Be1 Nd7 23. b3 R4c5 24. Bg4 R8c7 25. Bxd7 Qxd7
26. Bb4 Rb5 27. Re4 Rc8 28. Rde1 a5 29. Ba3 Rb6 30. Bb2 Ra6 31. a4 Raa8 32. g4
$16 {1-0 Hracek,Z-Gutman,G/Pardubice 1998/EXT 99 (70)}) 20. g3 Bf8 21. Re2 b5
22. Be3 {[%csl Re3][%cal Re3c5]} R5c7 23. Bd4 $16 {[%csl Rf6][%cal Rd4f6,Rd4a7]
now white has clear adventage} Nd7 24. h5 $1 {[%csl Rf5][%cal Rd3f5] with very
simple idea Qf5 and Be4} Ne5 25. Bxe5 dxe5 26. Qf5 Bd6 27. Be4 $40 {[%cal
Rf5h7] White's attack developes very qwuickly.It is does not clear what to do
for black} Kf8 28. Rf2 {[%csl Rf2,Rf7][%cal Rf5f7,Rf2f7]} Ke8 29. Qh7 $18 Rd7
30. Bg6 {[%csl Rf7][%cal Rg6f7,Rf2f7,Rh7g7]} Qg4 31. Qg8+ Bf8 32. Rdf1 {
[%csl Rf7][%cal Rf1f7,Rg6f7,Rg8f7,Rg8f8]} 1-0

[Event "Hotel Agro GM"]
[Site "Budapest"]
[Date "1999.07.30"]
[Round "1"]
[White "Tolnai, Tibor"]
[Black "Wittmann, Walter"]
[Result "1-0"]
[WhiteElo "2514"]
[BlackElo "2364"]
[Annotator "Gofshtein,L"]
[PlyCount "47"]
[EventDate "1999.08.05"]
[EventType "tourn"]
[EventRounds "9"]
[EventCountry "HUN"]
[EventCategory "10"]
[SourceTitle "CBM 073"]
[Source "ChessBase"]
[SourceDate "1999.12.01"]
[SourceVersion "1"]
[SourceVersionDate "1999.12.01"]
[SourceQuality "1"]

1. e4 c5 2. Nf3 d6 3. d4 cxd4 4. Nxd4 Nf6 5. Nc3 Nc6 6. Bg5 e6 7. Qd3 {this is
move was used by Keres in 50'yeas. White preparate qween transfer to king side}
Be7 (7... a6 8. Rd1 Bd7 9. Be2 Be7 10. O-O O-O 11. Qg3 Qc7 12. Nb3 Kh8 13. f4
h6 14. Qh4 Ng8 $13 {Marich-Ivkov 1957}) 8. Be2 (8. O-O-O O-O 9. f4 h6 10. Bh4
Nxd4 11. Qxd4 Qa5) 8... O-O 9. f4 Nxd4 10. Qxd4 Qa5 11. O-O-O {after
rearrangement moves game  lead to   well-known position} h6 {black had a lot
of possibility instead of 11.h6.  For my opinion 11...e5 gave black good
counterplay} (11... e5 $5 12. Qd2 exf4 13. Bxf4 (13. Bxf6 $6 Bxf6 14. Nd5 Qxd2+
15. Rxd2 Be5 $17 {0-1 Hobusch,W-Bindrich,O/Leipzig 1996/EXT 97 (64)}) 13... Be6
14. Nd5 Qxd2+ 15. Rxd2 Nxd5 16. exd5 Bd7 17. Re1 Rfe8 18. Bf3 Bf8 $11 {0-1
Belkhodja,S-Abdennabi,I/Luzern 1982/EXT 97-B (44)}) (11... Bd7 12. e5 (12. h4
Bc6 $132 {0-1 Csoke,A-Kiss,G/Budapest 1994/EXT 99 (37)}) (12. Bxf6 Bxf6 13. e5
dxe5 14. Qxd7 exf4 $44 {0-1 Ardelean,C-Peptan,C/Timisoara 1995/EXT 97 (35)}) (
12. Kb1 Bc6 13. h4 Rfd8 $132 {1/2-1/2 McDonald,N-Relange,E/London 1994/CBM 45
ext (48)}) 12... dxe5 13. fxe5 Bc6 14. Bd3 (14. Qf4 Nd5 15. Nxd5 Bxg5 16. Qxg5
Bxd5 17. a3 b5 18. Rd4 Rac8 19. Rg4 g6 20. Rh4 Qc7 $132 {0-1 Nevednichy,
V-Hracek,Z/Odorheiu Secuiesc 1995/CBM 47 (41)}) 14... Rfd8 15. Qh4 Qxe5 16.
Rhe1 $44 {0-1 Willmoth,R-Muir,A/BCF-ch 1987/TD (33)}) 12. h4 {only this move
support hope of black to get adventage} (12. Bh4 $6 e5 $5 13. Qg1 (13. fxe5
dxe5 14. Qd3 Be6 15. Qb5 Qxb5 16. Bxb5 Rfd8 $11) 13... Be6 14. Qe1 Rfe8 $132 {
0-1 Gaprindashvili,N-Lazarevic,M/Rijeka 1963/MCD (32)}) (12. Bxf6 $2 Bxf6 13.
Qxd6 Bxc3 14. bxc3 Qxa2 $36 {0-1 Dubinin,P-Veresov,G/Moscow 1940/URS-ch (40)})
12... Rd8 {immediate 12...e5 gave for black a good play how shown
above-mentioned games} (12... e5 $5 13. Qf2 Be6 $132 {0-1 Schwab,R-Belotti,B/
Aosta 1988/TD (37)} (13... exf4 14. Bxf4 Be6 15. Rd4 Rfc8 16. Qg3 Rxc3 $44 {
Vasjukov-Boleslavskij 1957})) 13. Qe3 {profilaktike move,all time black has
threat e6-e5} Kf8 $6 {this is lose time,it is necessary 13...Bd7 try create
counterplay.Perhaps black afraid 14.e5,but after simply 14...de 15.fe hg black
is o.k.} 14. Kb1 {again profilaktike move} b5 $2 {after this last mistake
black lose very qwickly,14...Bd7 was necessary} (14... hxg5 $2 15. hxg5 Ng8 16.
Rh8 $40 {with idea 17.Rdh1,18.R:g8 and19.Q h3}) 15. Bxf6 $1 Bxf6 (15... gxf6
16. f5 $18) 16. e5 $1 dxe5 (16... Be7 17. Qe4 $18) (16... b4 17. Ne4 dxe5 18.
Nxf6 gxf6 19. Rxd8+ Qxd8 20. fxe5 $18) 17. fxe5 Rxd1+ (17... Be7 18. Qe4 $18)
18. Rxd1 $18 Be7 19. Qe4 {[%csl Ra8,Re4,Rh7][%cal Re4a8,Re4h7,Gd1d8]} Rb8 20.
Qh7 Bxh4 21. Qh8+ Ke7 22. Qxg7 Bb7 23. Qxh6 Qb4 24. a3 1-0

[Event "Samba Cup 1st"]
[Site "Skanderborg"]
[Date "2003.10.11"]
[Round "2"]
[White "Bologan, Viktor"]
[Black "Alekseev, Evgeny V"]
[Result "1/2-1/2"]
[WhiteElo "2673"]
[BlackElo "2613"]
[Annotator "Gofshtein,L"]
[PlyCount "71"]
[EventDate "2003.10.10"]
[EventType "tourn"]
[EventRounds "9"]
[EventCountry "DEN"]
[EventCategory "16"]
[SourceTitle "CBM 098"]
[Source "ChessBase"]
[SourceDate "2004.02.03"]
[SourceVersion "1"]
[SourceVersionDate "2004.02.03"]
[SourceQuality "1"]

1. e4 {[%mdl 4]} c5 2. Nf3 d6 3. d4 cxd4 4. Nxd4 Nf6 5. Nc3 Nc6 6. Bg5 e6 7.
Qd2 Be7 8. O-O-O O-O 9. f4 Nxd4 10. Qxd4 Qa5 11. Kb1 {This is one of the most
popular Rauzer variations. Besides the move in the game, white has a large
choice: 11.Bc4, 11.Be2 and 11.e5} (11. Bc4 Bd7 12. e5 dxe5 13. fxe5 Bc6 14. Bd2
Nd7 15. Nd5 Qc5 16. Nxe7+ Qxe7 17. Rhe1 Rfc8 $132) (11. Be2 Bd7 12. e5 dxe5 13.
fxe5 Bc6 14. Qf4 Nd5 15. Nxd5 Bxg5 16. Qxg5 Bxd5 17. a3 b5 18. Rd4 Rac8 19. Rg4
g6 20. Rh4 Qc7 $10 {Nevednichy,V-Hracek,Z Odorheiu zt (01) 1995 0-1 41 - CBM 47
}) (11. e5 dxe5 12. Qxe5 Qxe5 13. fxe5 Nd5 14. Bxe7 Nxe7 15. Bd3 b6 16. Be4 Rb8
17. Rhe1 Ng6 18. Bxg6 hxg6 $14 {Short,N-Kramnik,V Riga Tal (11) 1995 1/2 32 -
CBM 47}) 11... Rd8 {The main line, 11...h6 is also possible} (11... h6 $5 12.
h4 e5 13. Qd3 exf4 14. Bxf4 Be6 15. Nd5 Nxd5 16. exd5 Bg4 17. Be2 Bxe2 18. Qxe2
Rfe8 19. Qg4 Qa4 $10 {Shirov,A-Kamsky,G Buenos Aires Sicilian (03) 1994 1/2 48
- CBM 44}) 12. Qd2 {12.Bc4 or 12.h4 have also been met, leading to a
complicated positions} (12. Bc4 Bd7 13. Bb3 Bc6 14. g4 (14. f5 exf5 15. Rhf1
Bxe4 16. Nxe4 fxe4 17. Bxf6 Bxf6 18. Rxf6 $1 $44 {1/2-1/2 Illescas Cordoba,
M-Shirov,A/Dos Hermanas 1995/CBM 47/[Boensch,U] (23)}) 14... Qc5 15. Qd3 d5 16.
Bxf6 Bxf6 17. exd5 Bxc3 18. Qxc3 Qxc3 19. bxc3 exd5 $132 {1/2-1/2 Shirov,
A-Anand,V/Moscow 1992/CBM 33 (22)}) (12. h4 Bd7 13. Qd2 Bc6 14. Bd3 Qc7 15. Qe2
a6 16. Rhf1 b5 $132 {1/2-1/2 Bologan,V-Kramnik,V/Germany 1994/GER-chT (61)})
12... h6 {Black offers a transition to a slightly better endgame for white,
which he hopes to hold. 12...Qc7 or 12...Kf8 lead to a much more complicated
game.} (12... Kf8 $6 13. Bd3 h6 14. Bh4 (14. h4 $5) 14... b6 (14... d5 15. e5
$16) 15. g4 Bb7 (15... Nxg4 16. Bxe7+ Kxe7 17. Rhg1 $16) 16. Rhg1 $36 {1-0
Lanka,Z-Wessman,R/Moscow 1991/CBM 26/[Boensch,U] (31)}) (12... Qc7 13. Qe1 (13.
Bd3 Bd7 14. Qe2 Bc6 $132) 13... a6 14. Bd3 h6 15. h4 Kf8 16. e5 dxe5 17. fxe5
Nd7 18. Bf4 Nc5 19. Qe3 $14 {Lobron-Chiburdanidze Dortmund 1983}) 13. Bxf6 {
White is practically forced to go for the endgame as after 13.h4 black can get
a comfortable game after:} (13. h4 hxg5 14. hxg5 Nxe4 15. Nxe4 Qxd2 16. Nxd2 e5
$132) 13... Bxf6 14. Nd5 Qxd2 15. Nxf6+ gxf6 16. Rxd2 {[%csl Rd6]} Kf8 {
[%mdl 4096]} 17. Be2 {Also after 17.Bc4 black has counterchances:} (17. Bc4 Ke7
18. Rhd1 b6 19. Kc1 Bb7 $132 {[%cal Rb7e4] 1/2-1/2 Brecka,I-Jurka,M/CZE 2001/
EXT 2002 (38)}) 17... Ke7 18. Rhd1 {[%cal Rd2d6,Ye4e5] White creates a threat
e4-e5, black's next move prevents this} e5 19. b3 {As the games given below
show black holds the position despite some difficulties} (19. Rf1 Rg8 (19... b6
$5 20. Bc4 Bb7 21. Bd5 Bxd5 22. Rxd5 Rac8 $14) 20. g3 b6 $2 (20... Bh3 $5 21.
Rfd1 Rad8) 21. Bc4 $36 {1-0 Lanka,Z-Hjelm,N/Gausdal 1991/TD (37)}) (19. f5 b6
20. c4 Bb7 21. Bf3 Rac8 22. b3 Rc5 23. a4 a5 24. Kc2 Rcc8 25. Kd3 Bc6 26. Ke3
Rd7 $14 {1/2-1/2 Stripunsky,A-Jurka,M/Ceske Budejovice 1995/EXT 97 (78)}) 19...
b6 $5 20. Bc4 Bb7 21. Bd5 Bxd5 22. Rxd5 Rd7 23. f5 Rg8 {[%csl Re4,Rg2][%cal
Rg8g2] Black attack white's weaknesses (e4 and g2) not allowing him to regroup
in order to attack the pawn on h6} 24. R1d2 Rg4 25. Re2 Rd8 26. Kb2 h5 27. c4
Rdg8 {[%cal Rg4g2] By putting the second rook on the g-file black prevents
from white to reach any activity} 28. Rdd2 Rf4 29. Ka3 {[%cal Ra3b4,Rb4b5,
Rb5a6]} Kd7 {Placing the king in a better position and allowing white to
activize his pieces} 30. Rd3 Kc6 31. h3 Rf1 32. Kb4 Rg1 33. Red2 Rd8 34. Re2
Rg8 35. Red2 Rd8 36. Re2 {White is tied to protect his weaknesses (e4 and g2),
that's why a draw agreement was signed} 1/2-1/2